000
00326cam a2200133ua 4500
003
OSt
008
220829b |||||||| |||| 00| 0 eng d
041
_a
eng
082
_a
633.83
_b
SPI/SP
245
_a
Spices in different states /
260
_a
India :
_b
Trade Information Services ,
_c
1991.
300
_a
52 ; .
942
_c
BK
999
_c
10816
_d
10816